Le iscrizioni sepolcrali latine nell`isola sacra

Uloženo v:
Podrobná bibliografie
Hlavní autor: Helttula, Anne (Autor)
Médium: Kniha
Jazyk:italština
Vydáno: Roma Institutum Romanum Finlandie 2007
Edice:Acta Instituti Romani Finlandie, 30
Témata:
Tagy: Přidat tag
Žádné tagy, Buďte první, kdo vytvoří štítek k tomuto záznamu!

MARC

LEADER 00000nam a2200000 a 4500
001 UCI4772
003 CL-VaPUC
008 080229e20070000IT |||||||||||||||||ita|d
020 |a 9525323072 
082 0 4 |a 930.146  |b HEL  |2 21 
100 0 |a Helttula, Anne  |e author  |9 526802 
245 1 3 |a Le iscrizioni sepolcrali latine nell`isola sacra 
300 |a 437 p 
942 |c BK 
945 |d 20080229 00:00:00  |a jtorresc 
260 |a Roma  |b Institutum Romanum Finlandie  |c 2007 
600 0 7 |a ISLA SAGRADA  |2 CL-VaPUC  |9 526803 
650 0 |a Arqueología   |9 265619 
650 7 |a EXCAVACIONES  |2 CL-VaPUC  |9 262499 
650 7 |a SEPULCROS  |2 CL-VaPUC  |9 437499 
650 7 |a GUERRA MUNDIAL  |2 CL-VaPUC  |9 346688 
651 0 |a Roma   |9 255106 
583 |a last modification  |c 20080229 00:00:00  |k Rodrigo Vera 
490 0 |a Acta Instituti Romani Finlandie, 30 
999 |c 328618  |d 328616 
952 |0 0  |1 0  |4 0  |6 930_146000000000000_HEL_2007  |7 0  |8 A  |9 412684  |a BIBHIS  |b BIBHIS  |d 2019-11-22  |i 4410386  |o 930.146 HEL 2007  |p 4410386  |r 2025-01-20  |w 2019-11-22  |y BK  |k HIS